000
00259nam a2200109Ia 4500
100
_a
Leigh/Ronald W
942
_c
BK
654
_a
Autocad
245
_a
AutoCad:concise guide to commands and features
260
_b
Galgotia
_a
New Delhi
_c
1990
546
_a
ENGLISH
999
_c
28464
_d
28464